Movies Quiz

Random Movies Quiz
Score 0/100 Timer 10:00
0 Plays Today
Year Movie % Correct
1994Pulp Fiction
94.8%
1999American Beauty
88.3%
1990GoodFellas
87%
1990Pretty Woman
85.7%
1991Terminator 2: Judgment Day
85.7%
1996Scream
83.1%
1993Schindler's List
81.8%
1990The Godfather, Part III
77.9%
1998Saving Private Ryan
77.9%
1999The Matrix
77.9%
1994The Shawshank Redemption
76.6%
1996Fargo
76.6%
1990Misery
74%
1991The Silence of the Lambs
74%
1992Reservoir Dogs
74%
1995Braveheart
71.4%
1998The Big Lebowski
71.4%
1998There's Something About Mary
71.4%
1999Fight Club
71.4%
1999The Green Mile
71.4%
1992The Bodyguard
70.1%
1992Unforgiven
70.1%
1999Boys Don't Cry
70.1%
1999Eyes Wide Shut
68.8%
1991JFK
67.5%
1994The Crow
67.5%
1995The Usual Suspects
67.5%
1996Trainspotting
67.5%
1998Pi
67.5%
1994Ed Wood
66.2%
1995Casino
66.2%
1990Die Hard 2: Die Harder
64.9%
1992Basic Instinct
64.9%
1994Clerks.
64.9%
Year Movie % Correct
1995Se7en
64.9%
1997Good Will Hunting
64.9%
1997Jackie Brown
63.6%
1998American History X
63.6%
1994Natural Born Killers
62.3%
1996The English Patient
62.3%
1997Air Force One
62.3%
1998Blade
62.3%
1991Thelma & Louise
61%
1993The Piano
61%
1996Jerry Maguire
61%
1997Face/Off
61%
1992My Cousin Vinny
59.7%
1991Boyz n the Hood
58.4%
1994True Lies
58.4%
1998Rushmore
58.4%
199512 Monkeys
57.1%
1995Leaving Las Vegas
57.1%
1990Total Recall
55.8%
1997Boogie Nights
55.8%
1997Chasing Amy
55.8%
1994Speed
53.2%
1999Office Space
53.2%
1991The Doors
51.9%
1991Point Break
51.9%
1996From Dusk Till Dawn
51.9%
1997L.A. Confidential
51.9%
1991Cape Fear
50.6%
1999Being John Malkovich
50.6%
1999Sleepy Hollow
50.6%
1996The Birdcage
49.4%
1990Miller's Crossing
48.1%
1992A Few Good Men
48.1%
1993Dazed and Confused
48.1%
Year Movie % Correct
1995Before Sunrise
46.8%
1995Friday
46.8%
1992The Crying Game
45.5%
1999Election
45.5%
1990Darkman
42.9%
1995Get Shorty
42.9%
1998Gods and Monsters
42.9%
1998The Thin Red Line
42.9%
1990Jacob's Ladder
41.6%
1993True Romance
41.6%
1997The Full Monty
41.6%
1993The Firm
40.3%
1996The People vs. Larry Flynt
40.3%
1994Interview With the Vampire: The Vampire Chronicles
39%
1997Donnie Brasco
39%
1990Predator 2
37.7%
1993In the Line of Fire
37.7%
1992The Player
36.4%
1993Carlito's Way
36.4%
1995Species
35.1%
1992Glengarry Glen Ross
32.5%
1993Demolition Man
31.2%
1996Primal Fear
31.2%
1993Tombstone
29.9%
1991Backdraft
28.6%
1992Dead Alive
28.6%
1994Timecop
23.4%
1998Dark City
22.1%
1993Menace II Society
20.8%
1991Grand Canyon
13%
1996Lone Star
11.7%
1997Perfect Blue
11.7%

You're not logged in!

Compare scores with friends on all Sporcle quizzes.
OR
Log In

Sporcle TV

Today on Sporcle TV


Watch our educational content, quiz creation guides, and fun videos on Sporcle TV.

Show Comments

Extras

Created Jun 11, 2017ReportNominate
Tags:100 Movie, 1990s, MPAA

Top Quizzes Today


Score Distribution

Paid Content

Your Account Isn't Verified!

In order to create a playlist on Sporcle, you need to verify the email address you used during registration. Go to your Sporcle Settings to finish the process.

Report this User

Report this user for behavior that violates our Community Guidelines.

Details: